[Event "NATO-ch 15th"]
[Site "The Hague"]
[Date "2004.08.09"]
[Round "2"]
[White "Lillevold, Frode"]
[Black "Nill, Oliver"]
[Result "1/2-1/2"]
[WhiteElo "2097"]
[BlackElo "2212"]
[PlyCount "61"]
[EventDate "2004.08.08"]
[EventType "swiss"]
[EventRounds "7"]
[EventCountry "NED"]
[SourceTitle "CBM 101 Extra"]
[Source "ChessBase"]
[SourceDate "2004.09.01"]
[SourceVersion "2"]
[SourceVersionDate "2004.09.01"]
[SourceQuality "1"]

1. d4 g6 2. e4 Bg7 3. Nc3 d6 4. Nf3 Nf6 5. Be3 0-0 6. Qd2 c6 7. Bh6 b5 8. Bd3 Nbd7 9. Bxg7 Kxg7 10. a4 b4 11. Nd1 a5 12. Qe2 e5 13. dxe5 dxe5 14. 0-0 Qe7 15. Ne3 Re8 16. Nd2 Nc5 17. f3 Rd8 18. Bc4 Be6 19. Nb3 Nfd7 20. Nxc5 Nxc5 21. b3 Rd4 22. Rfd1 Rad8 23. Rxd4 Rxd4 24. Rd1 Qd6 25. Rxd4 Qxd4 26. Kf2 f5 27. Bxe6 Nxe6 28. exf5 gxf5 29. Qc4 Qd2+ 30. Qe2 Qd4 31. Qc4 1/2-1/2

[Event "NATO-ch 14th"]
[Site "Hoevelte"]
[Date "2003.09.11"]
[Round "6"]
[White "Nill, Oliver"]
[Black "Nielsen, Rene O"]
[Result "1-0"]
[WhiteElo "2198"]
[BlackElo "2231"]
[PlyCount "144"]
[EventDate "2003.09.08"]
[EventType "swiss"]
[EventRounds "7"]
[EventCountry "DEN"]
[SourceTitle "CBM 096 Extra"]
[Source "ChessBase"]
[SourceDate "2003.10.22"]
[SourceVersion "2"]
[SourceVersionDate "2003.10.20"]
[SourceQuality "1"]

1. c4 e5 2. Nc3 Nc6 3. g3 g6 4. Bg2 Bg7 5. d3 d6 6. e4 f5 7. Nge2 Nf6 8. 0-0 0-0 9. exf5 Bxf5 10. d4 Rb8 11. dxe5 Nxe5 12. f4 Nc6 13. h3 h5 14. Be3 Qd7 15. Kh2 Rbe8 16. Bf2 Kh7 17. Nd4 Ne4 18. Nxe4 Bxe4 19. Nf3 Bf5 20. Qd2 Re7 21. Rae1 Rfe8 22. b3 Nd8 23. Rxe7 Rxe7 24. Re1 Rxe1 25. Qxe1 Ne6 26. Nh4 Qf7 27. Bxb7 Bd4 28. Bd5 Bxf2 29. Qxf2 Qf6 30. Nf3 Nc5 31. Qd4 Qf8 32. Ng5+ Kh6 33. Nf7+ Kh7 34. Qf6 Qe8 35. Ng5+ Kh6 36. Nf7+ Kh7 37. Ng5+ Kh6 38. Bf3 Bd3 39. Bxh5 Nd7 40. Qd4 Be2 41. Nf7+ Kh7 42. Bxe2 Qxe2+ 43. Kg1 Qe1+ 44. Kg2 Qe2+ 45. Qf2 Qe4+ 46. Kh2 Kg8 47. Ng5 Qd3 48. Qf3 Qd2+ 49. Qg2 Qe3 50. Qd5+ Kh8 51. Qe4 Qf2+ 52. Qg2 Qe3 53. Qb2+ Kg8 54. Qc2 Kg7 55. Kg2 Nc5 56. Qf2 Qd3 57. g4 a5 58. f5 gxf5 59. Qxf5 Qd2+ 60. Kg3 Qe1+ 61. Qf2 Qe5+ 62. Kh4 Qxg5+ 63. Kxg5 Ne4+ 64. Kf5 Nxf2 65. Ke6 Nxh3 66. Kd7 Kf7 67. Kxc7 Ke6 68. Kb6 a4 69. bxa4 Kd7 70. a5 Ng5 71. a6 Ne6 72. a7 Nc7 1-0

[Event "BL2-Sued 0102"]
[Site "Germany"]
[Date "2002.02.03"]
[Round "5.8"]
[White "Nill, Oliver"]
[Black "Rudolph, Johannes"]
[Result "0-1"]
[WhiteElo "2202"]
[BlackElo "2245"]
[PlyCount "76"]
[EventDate "2001.10.07"]
[EventType "team-tourn"]
[EventRounds "9"]
[EventCountry "GER"]
[SourceTitle "CBM 088 Extra"]
[Source "ChessBase"]
[SourceDate "2002.07.01"]
[SourceVersion "2"]
[SourceVersionDate "2002.07.01"]
[SourceQuality "1"]
[WhiteTeam "Baden Oos"]
[BlackTeam "Kirchheim"]
[WhiteTeamCountry "GER"]
[BlackTeamCountry "GER"]

1. c4 c6 2. e4 e5 3. Nf3 d6 4. Nc3 Nf6 5. Be2 Nbd7 6. d4 g6 7. 0-0 Bg7 8. d5 Nc5 9. Qc2 a5 10. Nd2 0-0 11. Rb1 Qc7 12. b3 cxd5 13. Nxd5 Qd8 14. Bb2 Bd7 15. Rbd1 Nxd5 16. cxd5 b5 17. Ba3 Rc8 18. Bxc5 Rxc5 19. Qb2 Qc7 20. Bd3 Rc8 21. b4 axb4 22. Qxb4 Ra8 23. Nb3 Ra4 24. Qd2 Rc3 25. Rb1 b4 26. Nc1 Qa5 27. Rb2 h5 28. Ne2 Kh7 29. Rfb1 Bh6 30. Qd1 Rc7 31. Qb3 Ra3 32. Qd1 Ba4 33. Bc2 Bxc2 34. Rxc2 Rxc2 35. Qxc2 Rxa2 36. Qd3 Qa3 37. Qxa3 bxa3 38. Nc3 Rc2 0-1

[Event "NATO-ch 12th"]
[Site "San Remo"]
[Date "2001.10.11"]
[Round "6"]
[White "Nill, Oliver"]
[Black "Cooper, Lawrence"]
[Result "0-1"]
[WhiteElo "2202"]
[BlackElo "2352"]
[PlyCount "100"]
[EventDate "2001.10.08"]
[EventType "swiss"]
[EventRounds "7"]
[EventCountry "ITA"]
[SourceTitle "CBM 084 Extra"]
[Source "ChessBase"]
[SourceDate "2001.10.26"]
[SourceVersion "1"]
[SourceVersionDate "2001.10.26"]
[SourceQuality "1"]

1. c4 c6 2. e4 d5 3. exd5 Nf6 4. Nc3 cxd5 5. d4 g6 6. Nf3 Bg7 7. Be2 0-0 8. 0-0 Nc6 9. h3 dxc4 10. Bxc4 Bf5 11. Re1 Rc8 12. b3 Na5 13. Ba3 Nxc4 14. bxc4 Qa5 15. Qb3 Bc2 16. Qxc2 Qxa3 17. Qb3 Qa6 18. Rxe7 Qxc4 19. Qxc4 Rxc4 20. Nb5 Ra4 21. Rxb7 a6 22. Nd6 Nd5 23. Ra7 Nc3 24. Re1 Rxa2 25. Ree7 Ne2+ 26. Kf1 Nxd4 27. Rac7 Ra1+ 28. Ne1 Ne6 29. Rc2 Bf6 30. Rd7 a5 31. Ne4 Bg7 32. Rdd2 a4 33. Ra2 Rxa2 34. Rxa2 Ra8 35. Nc2 f5 36. Nd6 Nf4 37. Nc4 Nd5 38. N2a3 Bf8 39. Rd2 Nc3 40. Rd3 Bg7 41. Rd6 Rb8 42. Rb6 Rxb6 43. Nxb6 Kf7 44. Ke1 Ke6 45. Kd2 Ne4+ 46. Kc2 Bf8 47. Nb5 a3 48. f3 Nf6 49. Nc4 Nd5 50. g3 Nb4+ 0-1

[Event "Oberliga Baden 0001"]
[Site "Baden"]
[Date "2001.02.18"]
[Round "6.6"]
[White "Nill, Oliver"]
[Black "Beck, Gerald"]
[Result "1/2-1/2"]
[WhiteElo "2187"]
[BlackElo "2175"]
[PlyCount "73"]
[EventDate "2000.10.15"]
[EventType "team"]
[EventRounds "9"]
[EventCountry "GER"]
[SourceTitle "EXT 2002"]
[Source "ChessBase"]
[SourceDate "2001.11.25"]
[SourceVersion "1"]
[SourceVersionDate "2001.11.25"]
[SourceQuality "1"]

1. c4 Nf6 2. Nc3 e6 3. e4 d5 4. e5 Ne4 5. Qc2 Nxc3 6. bxc3 Be7 7. Nf3 b6 8. d4 Ba6 9. Qa4+ Qd7 10. Qb3 0-0 11. cxd5 exd5 12. Bxa6 Nxa6 13. 0-0 c5 14. Bg5 c4 15. Qc2 b5 16. a3 Rab8 17. Bxe7 Qxe7 18. Qf5 h6 19. Qg4 Nc7 20. Nh4 Qg5 21. Qd7 Ne6 22. g3 Nf4 23. Kh1 a5 24. Rab1 Rfd8 25. Qc6 Ne2 26. Rxb5 Nxc3 27. Rxa5 Qg4 28. Re1 Rb1 29. Rxb1 Qe4+ 30. f3 Qxb1+ 31. Kg2 Qd3 32. Ra8 Rxa8 33. Qxa8+ Kh7 34. Qa7 Kg8 35. Qa8+ Kh7 36. Qa7 Kg8 37. Qa8+ 1/2-1/2

[Event "Oberliga Baden 0001"]
[Site "Baden"]
[Date "2000.12.10"]
[Round "3.5"]
[White "Nill, Oliver"]
[Black "Roetteler, Martin"]
[Result "1-0"]
[WhiteElo "2187"]
[BlackElo "2230"]
[PlyCount "55"]
[EventDate "2000.10.15"]
[EventType "team"]
[EventRounds "9"]
[EventCountry "GER"]
[SourceTitle "EXT 2002"]
[Source "ChessBase"]
[SourceDate "2001.11.25"]
[SourceVersion "1"]
[SourceVersionDate "2001.11.25"]
[SourceQuality "1"]

1. c4 g6 2. Nc3 Bg7 3. g3 c5 4. Bg2 Nc6 5. d3 e6 6. Rb1 Nge7 7. h4 h6 8. e4 0-0 9. Be3 d5 10. cxd5 exd5 11. exd5 Nd4 12. Qd2 Re8 13. b4 cxb4 14. Rxb4 Ndf5 15. Nge2 Nxe3 16. fxe3 Qa5 17. Rb5 Qa6 18. e4 Bg4 19. Rb3 Nf5 20. 0-0 Bxe2 21. Nxe2 Nd4 22. Nxd4 Bxd4+ 23. Kh2 Kg7 24. Qb4 Qb6 25. Qa4 Qc5 26. Rxb7 Kg8 27. Qd7 Rf8 28. Rxf7 1-0

[Event "DLM-chT U20"]
[Site "Bad Homburg"]
[Date "2000.07.30"]
[Round "1.2"]
[White "Nill, Oliver"]
[Black "Friedrichs, Klaus"]
[Result "0-1"]
[WhiteElo "2187"]
[BlackElo "2248"]
[PlyCount "74"]
[EventDate "2000.07.29"]
[EventType "team-swiss"]
[EventRounds "7"]
[EventCountry "GER"]
[SourceTitle "EXT 2001"]
[Source "ChessBase"]
[SourceDate "2000.11.22"]
[SourceVersion "1"]
[SourceVersionDate "2000.11.22"]
[SourceQuality "1"]

1. c4 e5 2. Nc3 Nc6 3. g3 f5 4. Bg2 Nf6 5. d3 Bb4 6. Bd2 0-0 7. a3 Bxc3 8. Bxc3 d6 9. Nf3 Qe8 10. 0-0 Qh5 11. Nd2 f4 12. e3 Bg4 13. f3 fxg3 14. hxg3 Bf5 15. Ne4 Nxe4 16. dxe4 Be6 17. b3 a5 18. f4 Qxd1 19. Rfxd1 a4 20. Bf1 axb3 21. Rdb1 Ra4 22. Rxb3 b6 23. Bb4 Nxb4 24. Rxb4 Rfa8 25. Rb5 Rxa3 26. Rxa3 Rxa3 27. fxe5 dxe5 28. Rxe5 Kf7 29. c5 Ra5 30. cxb6 cxb6 31. Rb5 Rxb5 32. Bxb5 Kf6 33. Kf2 Ke5 34. Kf3 Bb3 35. Bc6 Bc4 36. Bb7 b5 37. Ba6 Bd3 0-1